Sports Quiz

Random Sports or State Quiz

Big 4 Team Locator Quiz Stats

 Plays Quiz Updated Nov 8, 2017

Challenge
Share
Tweet
Embed
Score 0/32 Timer 02:00
26 Plays Today
State/Province Sample Team % Correct
CaliforniaLakers...
97%
ArizonaSuns...
96.4%
FloridaDolphins...
96.4%
OhioCavaliers...
93.8%
ColoradoBroncos...
93.7%
IllinoisBulls...
93%
MissouriChiefs...
92.8%
New YorkYankees...
92.3%
IndianaColts...
92.2%
MassachusettsRed Sox...
91.8%
GeorgiaBraves...
91.6%
MinnesotaVikings...
90.4%
MarylandRavens...
90%
New JerseyDevils...
89.9%
MichiganRed Wings...
89.5%
LouisianaSaints...
89.4%
State/Province Sample Team % Correct
District of ColumbiaNationals...
87.6%
North CarolinaPanthers...
85.5%
TexasCowboys...
85%
PennsylvaniaSteelers...
84.9%
OntarioSenators...
81.5%
TennesseeTitans...
81%
OklahomaThunder
79.8%
UtahJazz
78.5%
AlbertaFlames...
74.5%
WisconsinPackers...
74.1%
WashingtonSeahawks...
73%
OregonTrail Blazers
72.6%
British ColumbiaCanucks
72.5%
ManitobaJets
68.6%
QuebecCanadiens
63.3%
NevadaVegas Golden Knights
62.3%

You're not logged in!

Compare scores with friends on all Sporcle quizzes.
Join for Free
OR
Log In

You Might Also Like...

Show Comments

Extras

Top Quizzes Today


Score Distribution

Your Account Isn't Verified!

In order to create a playlist on Sporcle, you need to verify the email address you used during registration. Go to your Sporcle Settings to finish the process.

Report this User

Report this user for behavior that violates our Community Guidelines.

Details: